| 000 | 00000nam##2200000za#4500 |
| 001 | 9.643326 |
| 003 | CaOODSP |
| 005 | 20210624224121 |
| 007 | cr ||||||||||| |
| 008 | 150407|1990||||xxc|||||o f|0| 0 fre|d |
| 040 | |aCaOODSP|bfre |
| 043 | |an-cn--- |
| 086 | 1 |aA15-1840/1990F-PDF |
| 110 | 1 |aCanada.|bAgriculture Canada. |bDirection générale de recherche. |
| 245 | 10|aManutention de produits agricoles. Instruments et appareils de régulation électrique / |h[ressource électronique]|cpréparée par la UMA Engineering Ltd. de Winnipeg (Man.) pour le Comité canadien du génie rural qui fait partie du Comité de coordination des services agricoles du Canada. |
| 260 | |aOttawa - Ontario : |bAgriculture Canada. |c1990. |
| 300 | |a48p.|bfigures |
| 500 | |aPublication historique numérisée par Agriculture et Agroalimentaire Canada. «Déjà publié en anglais sous le titre Canadian Agricultural Materials Handling Manual 5.1 Electrical Controls and Instrumentation Agric. Can. Publ. 5002»--p. 4 de 48. |
| 504 | |aBibliographie. |
| 590 | |a14-11-Supp|b2014-05-21 |
| 691 | 07|aTechnologie agricole|2gcpds |
| 775 | 08|tHandling agricultural materials. Electrical controls and instrumentation / |w(CaOODSP)9.699336 |
| 856 | 40|ahttp://publications.gc.ca|qPDF|s2.8 Mo|uhttps://publications.gc.ca/collections/collection_2014/aac-aafc/agrhist/A15-1840-1990-fra.pdf |
| 986 | |a1840/F |